Diseño de pavimento de adoquín del tramo san Antonio-San Gregorio, municipio de Diriamba (6.0km)
Presenta un diseño de pavimento de adoquín del tramo san Antonio-San Gregorio, municipio de Diriamba (6.0km), en el cual se consta con un proceso de diseño: estudio de suelos, Los bancos de materiales en centrados en a la orilla del camino, estudio de tránsito.
| Main Author: | |
|---|---|
| Other Authors: | |
| Format: | Tesis Section = Libro |
| Language: | Undetermined Spanish |
| Published: |
Managua
UNI
2013
|
| Subjects: |
| LEADER | 01107nam a2200265Ia 4500 | ||
|---|---|---|---|
| 008 | 240830s9999 xx 000 0 und d | ||
| 040 | |a BIBLIOTECA-RUPAP T.Mon 625.8 W746 | ||
| 041 | |a spa | ||
| 082 | |a T.Mon 625.8 W746 | ||
| 100 | 1 | |a Wilson Lazo, Arlen Isabel | |
| 245 | 1 | 0 | |a Diseño de pavimento de adoquín del tramo san Antonio-San Gregorio, municipio de Diriamba (6.0km) |
| 260 | |a Managua |b UNI |c 2013 | ||
| 300 | |a 77 p. :il. | ||
| 500 | |a Contiene: anexos. | ||
| 502 | |a Tesis (Ingeniero Civil)- UNI, 2013. | ||
| 520 | 3 | |a Presenta un diseño de pavimento de adoquín del tramo san Antonio-San Gregorio, municipio de Diriamba (6.0km), en el cual se consta con un proceso de diseño: estudio de suelos, Los bancos de materiales en centrados en a la orilla del camino, estudio de tránsito. | |
| 650 | 7 | |a PAVIMENTOS | |
| 650 | 7 | |b PAVIMENTOS-DISEÑO Y CONSTRUCCIÓN | |
| 650 | 7 | |c PAVIMENTOS DE HORMIGÓN | |
| 650 | 7 | |d PAVIMENTOS DE ASFALTO | |
| 650 | 7 | |e CARRETERAS-MANTENIMIENTO Y REPARACIÓN | |
| 700 | 1 | |a Tutor: |b Morales Urbina, Israel | |
| 942 | |c BK |2 ddc | ||
| 991 | |a TESIS | ||
| 999 | |c 18265 | ||